| 000 | 00000nam##2200000za#4500 |
| 001 | 9.662510 |
| 003 | CaOODSP |
| 005 | 20200401064330 |
| 007 | ta |
| 008 | 150407|2001||||xxc||||| f|0| 0 fre|d |
| 020 | |a0-662-65483-8 |
| 040 | |aCaOODSP|bfre |
| 041 | |aeng |
| 041 | |afre |
| 043 | |an-cn--- |
| 086 | 1 |aFs23-329/2001 |
| 110 | 1 |aCanada. |bMinistère des pêches et des océans. |
| 245 | 10|aAccroître la sensibilisation et la capacité : |bun plan d'action pour la poursuite du développement durable de 2001 à 2003 |
| 260 | |aOttawa - Ontario : |bPêches et Océans Canada |c2001. |
| 300 | |aTexte français, vi, 62p. ; |c28 cm. |
| 546 | |aBilingue |
| 563 | |aCouverture souple |
| 590 | |a01-13|b2001-03-30 |
| 691 | 07|aGestion de l'environnement|2gcpds |
| 691 | 07|aRessources naturelles|2gcpds |
| 691 | 07|aÉcosystème marin|2gcpds |
| 776 | 0#|tAccroître la sensibilisation et la capacité : |w(CaOODSP)9.630576 |
| 776 | 0#|tBuilding awareness and capacity : |w(CaOODSP)9.686008 |
| 791 | |tBuilding awareness and capacity : |eeng|w(CaOODSP)9.662509 |